000 01056nam a2200301 i 4500
003 EG-GICUC
005 20260307183407.0
008 260304s1887 enk||||fr|||| 00| 0 eng d
040 _aEG-GiCUC
_beng
_cEG-GiCUC
_dEG-GiCUC
_erda
041 _aeng
082 0 4 _221
_a341.511041
_bTA.B
092 0 4 _221
099 _aLaw1 11 341.511041 TA.B 1887
100 1 _aTarring , Charles James
_eAuthor.
245 _aBritish Consular Jurisdiction In The East :
_bWith Topical Indices Of Cases On Appeal From And Relating To Consular Courts And Consuls Also A Collection Of Statutes Concerning Consuls /
_cCharles James Tarring .
264 _aLondon :
_bSTEVENS AND HAYNES ,
_c1887.
300 _a132 pages ,
_c24 cm
336 _2rda content
_atext
337 _2rda media
_aComputer
338 _2rda carrier
_aOnline Resource
500 _aIncludes Index
546 _aText in English
650 1 _aInternational courts
651 1 _2qrmak
856 4 0 _uhttps://fll.law.cu.edu.eg/fulltext/bks/B11-08811.pdf
905 _a60
942 _2ddc
_cBK
_e21
_n0
999 _c64958
_d64958